00447nam a22001577a 450000500170000001000150001702000100003203500140004203700130005608200080006910000220007724500700009926000370016927000630020630000200026920220620120755.0 aENG-133266 c45.00 aEN-116798 bDBAD/PUB a920 aRamakrishan,Latha aNelson Mandela:bTowards A New, Better World/cLatha Ramakrishnan aChennaibArivu Pathippagamc2010 a17/142, Jani jhan khan road, royapettahbTamilnadue600014 a93p.c21cm(pbk)